000 00843nam a2200253Ia 4500
003 OSt
005 20221005113053.0
006 a|||||r|||| 00| 0
007 ta
008 221004b |||||||| |||| 00| 0 pan d
020 _a81876542315 (hbk)
_c560
024 _a5669
037 _b689, 12/06/2013, H.K. Prakashan
_cTextual
040 _aCRL
_cCRL
_bpan
041 _2pan
_apan
082 _aQ8441:21:g, 153Q1
100 _aਗਿਲ, ਮਹਿੰਦਰ ਕੌਰ
245 0 _aਹਮਰੀ ਗਤਿ ਮਿਤਿ
260 _aਦਿੱਲੀ
_bਮਨਪ੍ਰੀਤ ਪ੍ਰਕਾFਨ ਭਾਰਤ
_c2011
300 _a368ਪੰ
_ccm.
650 _aਧਰਮ
942 _hQ8441:21:g, 153Q1
_cTEXL
_2cc
999 _c1026935
_d1026935